Eliminácia inovačných bariér v Slovenskej republike

Inovačná výkonnosť Slovenskej republiky. Vývoj Súhrnného inovačného indexu EÚ a Slovenskej republiky vroku 2006-2013. Inovačné prostredie v Slovenskej republike.

Salvato in:
Dettagli Bibliografici
Autore principale: Fabová, Ľudmila
Natura: Capitolo di libro
Lingua:slovacco
Soggetti:
Tags: Aggiungi Tag
Nessun Tag, puoi essere il primo ad aggiungerne!!

MARC

LEADER 00000naa a2200000 4500
001 0186504
005 20220715093624.6
041 0 |a slo 
044 |a SK 
245 1 0 |a Eliminácia inovačných bariér v Slovenskej republike  |c Ľudmila Fabová 
520 |a Inovačná výkonnosť Slovenskej republiky. Vývoj Súhrnného inovačného indexu EÚ a Slovenskej republiky vroku 2006-2013. Inovačné prostredie v Slovenskej republike. 
610 2 0 |a stratégia inovačná 
610 2 0 |a Slovensko 
610 2 0 |a výkonnosť 
610 2 0 |a prostredie podnikateľské 
610 2 0 |a prostredie podnikové 
100 1 |a Fabová, Ľudmila